| 000 | 00814nam0a22002411 4500 | ||
|---|---|---|---|
| 001 | rc\2747687 | ||
| 005 | 20250529143706.0 | ||
| 035 | _a(NLR Aleph) 006874682 | ||
| 090 |
_a6984288 _c6984288 |
||
| 100 | _a20110915d1939 |||y0rusy50 ca | ||
| 101 | 0 | _arus | |
| 102 | _aRU | ||
| 105 | _aa z ||||| | ||
| 200 | 1 |
_aПалатка _e[Описание] |
|
| 210 |
_aМосква _cФизкультура и спорт _d1939 |
||
| 215 |
_a8 с., без обл. _cчерт. _d17 см. |
||
| 225 | 1 |
_aВ помощь туристу _fТурист.-экскурс. упр. ВЦСПС и жур. "На суше и на море" |
|
| 712 | 0 | 2 |
_aВЦСПС _bТуристско-экскурсионное упр. |
| 801 | 0 |
_aRU _bNLR _gpsbo |
|
| 801 | 1 |
_aRU _bELAR _2rusmarc |
|
| 852 |
_aNLR _j39-9/628 |
||
| 942 | _cBOOK | ||
| 980 | _aNB | ||